Оптимизация оптических систем; Современные материалы и технологии новых поколений

Detalles Bibliográficos
Parent link:Современные материалы и технологии новых поколений.— 2019.— [С. 299-300]
Autor Principal: Россомахина Н. Е. Наталья Евгеньевна
Autor Corporativo: Национальный исследовательский Томский политехнический университет Инженерная школа новых производственных технологий Отделение материаловедения
Outros autores: Агапов Н. А. Николай Афанасьевич
Summary:Заглавие с экрана
Idioma:ruso
Publicado: 2019
Series:Фотонные технологии и световая инженерия
Subjects:
Acceso en liña:http://earchive.tpu.ru/handle/11683/56920
Formato: MixedMaterials Electrónico Capítulo de libro
KOHA link:https://koha.lib.tpu.ru/cgi-bin/koha/opac-detail.pl?biblionumber=630546

MARC

LEADER 00000naa2a2200000 4500
001 630546
005 20231214142842.0
035 |a (RuTPU)RU\TPU\conf\31645 
035 |a RU\TPU\conf\31640 
090 |a 630546 
100 |a 20191115d2019 k y0rusy50 ca 
101 0 |a rus 
102 |a RU 
105 |a y z 101zy 
135 |a drgn ---uucaa 
181 0 |a i  
182 0 |a b 
200 1 |a Оптимизация оптических систем  |f Н. Е. Россомахина, Н. А. Агапов 
203 |a Текст  |c электронный 
225 1 |a Фотонные технологии и световая инженерия 
300 |a Заглавие с экрана 
320 |a [Библиогр.: с. 300 (2 назв.)] 
463 0 |0 (RuTPU)RU\TPU\conf\31468  |t Современные материалы и технологии новых поколений  |o сборник научных трудов II Международного молодежного конгресса, г. Томск, 30 сентября - 5 октября 2019 г.  |f Национальный исследовательский Томский политехнический университет, Инженерная школа новых производственных технологий ; под ред. А. Н. Яковлева [и др.]  |v [С. 299-300]  |d 2019 
610 1 |a электронный ресурс 
610 1 |a труды учёных ТПУ 
610 1 |a оптимизация 
610 1 |a оптические системы 
610 1 |a алгоритмы 
610 1 |a хроматическая аберрация 
700 1 |a Россомахина  |b Н. Е.  |g Наталья Евгеньевна 
701 1 |a Агапов  |b Н. А.  |c специалист в области светотехники, физик  |c профессор Томского политехнического университета, доктор наук  |f 1951-  |g Николай Афанасьевич  |3 (RuTPU)RU\TPU\pers\28176  |9 13134 
712 0 2 |a Национальный исследовательский Томский политехнический университет  |b Инженерная школа новых производственных технологий  |b Отделение материаловедения  |3 (RuTPU)RU\TPU\col\23508 
801 2 |a RU  |b 63413507  |c 20200305  |g RCR 
856 4 |u http://earchive.tpu.ru/handle/11683/56920 
942 |c BK